Capitalismo (Registro nro. 67850)
[ vista simple ]
| 000 -ENCABEZADO | |
|---|---|
| Número de control [NR] | 00853nam a22002657a 4500 |
| 008 - DE LONGITUD FIJA DE DATOS DE ELEMENTOS - INFORMACIÓN GENERAL | |
| Elementos de longitud fija [NR] | 130821s1997 sp gr spa |
| 020 ## - NUMERO INTERNACIONAL NORMALIZADO PARA LIBROS [R] | |
| Número Internacional Normalizado del libro [NR] | 8441305838 |
| Términos de disponibilidad [NR] | v.1 |
| 020 ## - NUMERO INTERNACIONAL NORMALIZADO PARA LIBROS [R] | |
| Número Internacional Normalizado del libro [NR] | 8441305846 |
| Términos de disponibilidad [NR] | v.2 |
| 040 ## - FUENTE DE CATALOGACION [NR] | |
| Agencia de catalogación original [NR] | Co-BoUCM |
| Idioma de catalogación [NR] | spa |
| 041 00 - CODIGO DE IDIOMA [R] | |
| Código de idioma para texto/pista de sonido o título separado [R] | Español |
| 100 1# - ASIENTO PRINCIPAL--NOMBRE PERSONAL [NR] | |
| Nombre personal [NR] | Seldon, Arthur |
| 245 14 - MENCION DE TITULO [NR] | |
| Título [NR] | Capitalismo |
| Mención de responsabilidad, etc. [NR] | Arthur Seldon ; traducción de Sonia Villanueva de Azcona |
| 260 ## - PUBLICACION, DISTRIBUCION, ETC. (PIE DE IMPRENTA) [R] | |
| Lugar de publicación, distribución, etc. [R] | Barcelona (España) |
| Nombre del editor, distribuidor, etc. [R] | Folio |
| Fecha de publicación, distribución, etc. [R] | 1997 |
| 300 ## - DESCRIPCION FISICA [R] | |
| Extensión [R] | 2 v. , 476 páginas |
| 490 #0 - MENCION DE SERIE [R] | |
| Mención de serie [R] | Biblioteca de economía |
| 500 ## - NOTA GENERAL [R] | |
| Nota general [NR] | Donación Dr. Guillermo Galán. |
| 504 ## - NOTA DE BIBLIOGRAFIA, ETC. [R] | |
| Nota de bibliografía, etc. [NR] | |
| 650 04 - ASIENTO SECUNDARIO DE MATERIA - TERMINO TEMATICO [R] | |
| Término temático o nombre geográfico como elemento de entrada [NR] | Capitalismo |
| 9 (RLIN) | 10463 |
| 650 04 - ASIENTO SECUNDARIO DE MATERIA - TERMINO TEMATICO [R] | |
| Término temático o nombre geográfico como elemento de entrada [NR] | Filosofía política |
| 9 (RLIN) | 15841 |
| 650 04 - ASIENTO SECUNDARIO DE MATERIA - TERMINO TEMATICO [R] | |
| Término temático o nombre geográfico como elemento de entrada [NR] | Sistemas económicos |
| 9 (RLIN) | 24652 |
| 700 1# - ASIENTO SECUNDARIO - NOMBRE PERSONAL [R] | |
| Nombre personal [NR] | Villanueva de Azcona, Sonia |
| Término de relación [R] | |
| 765 ## - ASIENTO DE IDIOMA ORIGINAL [R] | |
| Título [NR] | Capitalism |
| 942 ## - ELEMENTOS DE ENTRADA AGREGADOS (KOHA) | |
| Tipo de ítem principal el descrito en 300a | Libro |
| Tema principal | Economía |
| Edición | 1 |
| Parte restante de la signatura top. | S35 |
| Sistema de clasificación | DEWEY |
| Clasificación | 330.122 |
| Fecha de último préstamo | Signatura topográfica | Código de barras | Última vez visto | Volúmen / Fascículo | Ejemplar | Price effective from | Tipo de ítem | Nota pública (OPAC) | Perdido | Sistema de clasificación | Dañado | No prestable | Tipo de ítem específico | Suprimido | Ubicación habitual | Ubicación actual | Localización | Fecha de creación | Forma de adquisición | Costo | Total préstamos |
|---|---|---|---|---|---|---|---|---|---|---|---|---|---|---|---|---|---|---|---|---|---|
| 01/09/2010 | 330.122 S35 | 100107648 | 03/12/2025 | V.2 | Ej.1 | 03/02/2013 | Libro | Spot Teoría Económica | DEWEY | Libro | Claustro | Claustro | Mezanine | 28/02/2010 | Donación | 26000.00 | |||||
| 28/07/2022 | 330.122 S35 | 100107653 | 03/12/2025 | V.1 | Ej.1 | 03/02/2013 | Libro | Spot Teoría Económica | DEWEY | Libro | Claustro | Claustro | Mezanine | 28/02/2010 | Donación | 26000.00 | 3 |